Países con Mayor Superficie - Opción múltiple - Estadísticas

Estadísticas generales
  • Esta prueba ha sido intentada 29 veces
  • La puntuación promedio es 12 de 15
Estadísticas de respuestas
Pregunta Respuesta % Correcto
¿Cuál tiene mayor superficie?
96%
¿Cuál tiene mayor superficie?
96%
¿Cuál tiene mayor superficie?
96%
¿Cuál tiene mayor superficie?
92%
¿Cuál tiene mayor superficie?
88%
¿Cuál tiene mayor superficie?
88%
¿Cuál tiene mayor superficie?
88%
¿Cuál tiene mayor superficie?
85%
¿Cuál tiene mayor superficie?
85%
¿Cuál tiene mayor superficie?
81%
¿Cuál tiene mayor superficie?
77%
¿Cuál tiene mayor superficie?
77%
¿Cuál tiene mayor superficie?
73%
¿Cuál tiene mayor superficie?
42%
¿Cuál tiene mayor superficie?
38%
No se encontraron pruebas coincidentes
Distribución de puntuación
Porcentaje de gente con cada puntuación
Porcentaje por número respondido
Historial de tus puntuaciones
No has intentado esta prueba.